| 000 | 00488nam a22001697a 4500 | ||
|---|---|---|---|
| 005 | 20250910141855.0 | ||
| 008 | 250910b |||||||| |||| 00| 0 eng d | ||
| 037 | _cREF | ||
| 040 |
_aCL _cCL |
||
| 041 |
_2Eng _aEnlish |
||
| 245 |
_aMountbatten's report on the last viceroyalty _b; Ed.by Lioned carter |
||
| 300 | _a397p. | ||
| 365 |
_b850 _cINR |
||
| 700 |
_aCarter, Lioned _eEditor _9821003 |
||
| 942 |
_2CC _cREF _n0 |
||
| 999 |
_c1435302 _d1435302 |
||